Answers start with F - Statistics

General Stats
  • This quiz has been taken 64 times
  • The average score is 12 of 20
Answer Stats
Hint Answer % Correct
Having a good time Fun
100%
An object that is not empty Full
95%
Opposite of vegetable Fruit
91%
What you eat Food
89%
An animal that lives in the Arctic or Woods Fox
89%
The part of your hand that you punch with Fist
88%
Homophone for Fare Fair
84%
The thing that holds a picture on the wall Frame
84%
Yeasts, molds, mushrooms, and that stuff Fungus
81%
Opposite of opinion Fact
72%
What gravity is Force
61%
The opposite of ice Fire
58%
A big part of outside to play in Field
49%
When the temperature falls below freezing Frost
49%
Another word for Good Fine
37%
One side of something many sided Facet
26%
A synonym for carnival Fare
25%
Lively, Determined, and Courageous Feisty
11%
A continuous flow or change Flux
11%
Its a word in My Shot, a song from the play Hamilton Flask
0%
No matching quizzes found
Score Distribution
Percent of People with Each Score
Percentile by Number Answered
Your Score History
You have not taken this quiz